|
|
|
|
| LEADER |
03363nam a2200769 4500 |
| 001 |
ocn846847004 |
| 003 |
OCoLC |
| 005 |
20170124065920.5 |
| 006 |
m o d |
| 007 |
cr ||||||||||| |
| 008 |
130603s2013 enk ob 001 0 eng |
| 010 |
|
|
|a 2013022087
|
| 040 |
|
|
|a DLC
|b eng
|e rda
|c DLC
|d YDX
|d DG1
|d CUS
|d N$T
|d YDXCP
|d CDX
|d IDEBK
|d E7B
|d EBLCP
|d COO
|d DEBBG
|d OCLCO
|d DEBSZ
|d GrThAP
|
| 019 |
|
|
|a 856625868
|a 961648073
|a 962641084
|
| 020 |
|
|
|a 9781118402788 ( ePub)
|
| 020 |
|
|
|a 1118402782 ( ePub)
|
| 020 |
|
|
|a 9781118402764 (Adobe PDF)
|
| 020 |
|
|
|a 1118402766 (Adobe PDF)
|
| 020 |
|
|
|a 9781118402771 (MobiPocket)
|
| 020 |
|
|
|a 1118402774 (MobiPocket)
|
| 020 |
|
|
|z 9781118371824 (cloth)
|
| 020 |
|
|
|a 9781118402795
|
| 020 |
|
|
|a 1118402790
|
| 020 |
|
|
|a 1299804977
|
| 020 |
|
|
|a 9781299804975
|
| 020 |
|
|
|a 1118371828
|
| 020 |
|
|
|a 9781118371824
|
| 029 |
1 |
|
|a AU@
|b 000051392600
|
| 029 |
1 |
|
|a NZ1
|b 15341550
|
| 029 |
1 |
|
|a DKDLA
|b 820120-katalog:000667336
|
| 029 |
1 |
|
|a CHVBK
|b 334085489
|
| 029 |
1 |
|
|a CHBIS
|b 010441739
|
| 029 |
1 |
|
|a DEBSZ
|b 431497990
|
| 029 |
1 |
|
|a DEBBG
|b BV041910035
|
| 029 |
1 |
|
|a DEBBG
|b BV041395690
|
| 035 |
|
|
|a (OCoLC)846847004
|z (OCoLC)856625868
|z (OCoLC)961648073
|z (OCoLC)962641084
|
| 037 |
|
|
|a 511748
|b MIL
|
| 042 |
|
|
|a pcc
|
| 050 |
0 |
0 |
|a TJ1186
|
| 072 |
|
7 |
|a TEC
|x 040000
|2 bisacsh
|
| 082 |
0 |
0 |
|a 671.3/5
|2 23
|
| 049 |
|
|
|a MAIN
|
| 100 |
1 |
|
|a Suh, C. Steve.
|
| 245 |
1 |
0 |
|a Control of cutting vibration and machining instability :
|b a time-frequency approach for precision, micro and nano machining /
|c C. Steve Suh and Meng-Kun Liu.
|
| 264 |
|
1 |
|a Chichester, West Sussex, United Kingdom :
|b John Wiley & Sons, Inc.,
|c 2013.
|
| 300 |
|
|
|a 1 online resource.
|
| 336 |
|
|
|a text
|2 rdacontent
|
| 337 |
|
|
|a computer
|2 rdamedia
|
| 338 |
|
|
|a online resource
|2 rdacarrier
|
| 504 |
|
|
|a Includes bibliographical references and index.
|
| 505 |
0 |
|
|a Cutting Dynamics and Machining Instability -- Basic Physical Principles -- Adaptive Filters and Filtered-x LMS Algorithm -- Time-Frequency Analysis -- Wavelet Filter Banks -- Temporal and Spectral Characteristics of Dynamic Instability -- Simultanous Time-Frequency Control of Dynamic Instability -- Time-Frequency Control of Milling Instability and Chatter at High Speed -- Multi-Dimensional Time-Frequency Control of Micro-Milling Instability -- Time-Frequency Friction Induced Instability -- Synchronization of Chaos in Simultaneous Time-Frequency Domain -- Appendix.
|
| 588 |
|
|
|a Description based on print version record and CIP data provided by publisher.
|
| 650 |
|
0 |
|a Cutting
|x Vibration.
|
| 650 |
|
0 |
|a Machine-tools
|x Vibration.
|
| 650 |
|
0 |
|a Machining.
|
| 650 |
|
0 |
|a Machinery, Dynamics of.
|
| 650 |
|
0 |
|a Time-series analysis.
|
| 650 |
|
0 |
|a Microtechnology.
|
| 650 |
|
0 |
|a Nanotechnology.
|
| 650 |
|
7 |
|a TECHNOLOGY & ENGINEERING
|x Technical & Manufacturing Industries & Trades.
|2 bisacsh
|
| 655 |
|
4 |
|a Electronic books.
|
| 655 |
|
0 |
|a Electronic books.
|
| 655 |
|
7 |
|a Electronic books.
|2 local
|
| 700 |
1 |
|
|a Liu, Meng-Kun.
|
| 776 |
0 |
8 |
|i Print version:
|a Suh, C. Steve.
|t Control of cutting vibration and machining instability
|d Chichester, West Sussex, United Kingdom : John Wiley & Sons, Inc., 2013
|z 9781118371824
|w (DLC) 2013014158
|
| 856 |
4 |
0 |
|u https://doi.org/10.1002/9781118402795
|z Full Text via HEAL-Link
|
| 994 |
|
|
|a 92
|b DG1
|